000
00235nam a2200097Ia 4500
008
230915s9999 xx 000 0 und d
050
_a
PG3326 .B7A97
100
_a
DOSTOEVSKY ,FYODOR
245
4
_a
THE KARAMAZOV BROTHERS
942
_c
BK
999
_c
175868
_d
175868